Luchando por mentes y corazones: las batallas de la memoria en el Chile de Pinochet
Tallennettuna:
| Päätekijä: | |
|---|---|
| Aineistotyyppi: | Kirja |
| Kieli: | espanja |
| Julkaistu: |
Santiago
Universidad Diego Portales
2013
|
| Painos: | 1a. ed |
| Aiheet: | |
| Tagit: |
Lisää tagi
Ei tageja, Lisää ensimmäinen tagi!
|
MARC
| LEADER | 00000cam a2200000 a 4500 | ||
|---|---|---|---|
| 001 | UCE0120 | ||
| 003 | CL-VaPUC | ||
| 008 | 140103e20130800cl |||||||||||||||||spa|d | ||
| 020 | |a 9789563142273 | ||
| 082 | 0 | 4 | |a 983.065 |b STE |2 21 |
| 100 | 0 | |a Stern, Steve J |e author |9 572541 | |
| 245 | 1 | 0 | |a Luchando por mentes y corazones: las batallas de la memoria en el Chile de Pinochet |
| 250 | |a 1a. ed | ||
| 300 | |a 583 p | ||
| 942 | |c BK | ||
| 945 | |d 20140103 12:15:00 |a dcastane | ||
| 260 | |a Santiago |b Universidad Diego Portales |c 2013 | ||
| 600 | 0 | |a Pinochet Ugarte, Augusto, |e 1915-2006 |9 374419 | |
| 650 | 7 | |a HISTORIA DE CHILE 1973-1988 |2 CL-VaPUC |9 521153 | |
| 650 | 0 | |a Aspectos psicológicos |9 258128 | |
| 650 | 0 | |a Violencia política |9 321520 | |
| 650 | 0 | |a Poder político |9 255509 | |
| 650 | 0 | |a Dictadura militar |9 389291 | |
| 583 | |a last modification |c 20140103 12:15:00 |k Rodrigo Vera | ||
| 999 | |c 354409 |d 354407 | ||
| 952 | |0 0 |1 0 |3 erb |4 0 |6 983_065000000000000_STE_2013 |7 0 |8 A |9 460252 |a BIBHIS |b BIBHIS |i 5041341 |l 5 |m 5 |o 983.065 STE 2013 |p 5041341 |r 2025-04-22 |s 2025-03-31 |w 2019-11-23 |y BK |z Catalogado en:20140103 |k HIS | ||
| 952 | |0 0 |1 0 |3 erb |4 0 |6 983_065000000000000_STE_2013 |7 0 |8 A |9 460253 |a BIBHIS |b BIBHIS |i 5505550 |l 4 |o 983.065 STE 2013 |p 5505550 |r 2025-04-28 |s 2025-04-28 |w 2019-11-23 |y BK |z Catalogado en:20181012 |k HIS | ||